|
|
|
|
| LEADER |
01671nam a22004212a 4500 |
| 001 |
001161046 |
| 003 |
CZ BrMZK |
| 005 |
20171025131711.0 |
| 007 |
ta |
| 008 |
110729s1979 xr er|||||||||||cze d |
| 015 |
|
|
|a cnb000130760
|
| 035 |
|
|
|a (OCoLC)85262016
|
| 040 |
|
|
|a ABA001
|b cze
|c BOA001
|d BOA001
|
| 043 |
|
|
|a e-cs---
|
| 072 |
|
7 |
|a 352/354
|x Stupně místní, oblastní a ústřední správy
|2 Konspekt
|9 15
|
| 080 |
|
|
|a 352/353
|2 MRF
|
| 080 |
|
|
|a 329.15
|2 MRF
|
| 080 |
|
|
|a (437)
|2 MRF
|
| 080 |
|
|
|a (035)
|2 MRF
|
| 100 |
1 |
|
|a Balík, Hubert
|7 jk01010688
|4 aut
|
| 245 |
1 |
0 |
|a Národní výbory a politika KSČ :
|b úloha národních výborů v politickém systému ČSSR a jejich struktura /
|c Hubert Balík
|
| 250 |
|
|
|a 1. vyd.
|
| 260 |
|
|
|a Praha :
|b Horizont,
|c 1979
|e (Pardubice :
|f VČT 01)
|
| 300 |
|
|
|a 155 s. ;
|c 8°
|
| 490 |
1 |
|
|a Na pomoc politickému vzdělávání
|
| 500 |
|
|
|a 10000 výt.
|
| 504 |
|
|
|a Obsahuje bibliografii
|
| 610 |
2 |
7 |
|a Komunistická strana Československa
|7 ko2002139400
|
| 650 |
0 |
7 |
|a národní výbory
|z Československo
|7 ph217779
|2 czenas
|
| 650 |
0 |
7 |
|a komunistické strany
|z Československo
|7 ph121771
|2 czenas
|
| 655 |
|
7 |
|a příručky
|7 fd133209
|2 czenas
|
| 830 |
|
0 |
|a Na pomoc politickému vzdělávání (Horizont)
|0 s
|
| 856 |
4 |
1 |
|u http://www.digitalniknihovna.cz/mzk/uuid/uuid:82496e90-992f-11e3-a744-005056827e52
|y Digitalizovaný dokument
|x NDK
|
| 910 |
|
|
|a BOA001
|b 2-0806.313
|
| 990 |
|
|
|a BK
|
| 991 |
|
|
|b 201107
|
| 996 |
6 |
|
|b 2619426610
|c 2-0806.313
|l MZK
|r Sklad / do 1 hodiny
|n 0
|w 001194297
|u 000010
|a 1
|e BOA001
|j MZK50
|s P
|
| 996 |
7 |
|
|b 2619426611
|c 2-0806.313
|l MZK
|r Sklad / do 1 hodiny
|n 5
|w 001194297
|u 000020
|a 1
|e BOA001
|j MZK50
|s A
|